LEADER 00859nam a2200193 i 4500 001 000000131031 003 CaOOAMICUS 005 20250709150521.0 008 041109s1943 it u000 u ita u 040 $aSeMil$bita 245 10$aA-B /$ccompilato da T.M. Guarnaschelli e E. Valenziani. 300 $aXIX, 295 p. 700 1 $aGuarnaschelli, Teresa Maria.$0(OLS)http://semarc/name/54160 700 1 $aValenziani, Enrichetta.$0(OLS)http://semarc/name/34691 773 0 $aItalia : Ministero dell'Educazione nazionale$tIndice generale degli incunaboli delle Biblioteche d'Italia.$dRoma : Libreria dello Stato, 1943-1972.$kIndici e cataloghi. Nuova serie$g1$w()12419 850 $aSeMil 852 $aSeMil$W1$xVenegono$y1$m3Y V 13/1$j259421$B85026$CSeMilBibl$Z2$F88692 $81 996 $6245$aA-B$9(OLS)http://semarc/title/192866 LEADER 01304nam a2200301 i 4500 001 000000124611 003 CaOOAMICUS 005 20230918115107.0 008 040510s1989 it u000 u ita u 013 $a97308 040 $aSeMil$bita 100 1 $aMarchi, Cesare,$d<1922-1992>.$0(OLS)http://semarc/name/15437 240 10$aS. Zeno a Verona.$0(OLS)http://semarc/title/183377 245 13$aLa partita col Diavolo /$cCesare Marchi ; fotografie di Uliano Lucas. 260 $aRoma :$bEdizioni Fotogramma,$cstampa 1989. 300 $a127 p. :$briccamente ill. ;$c31 cm. 490 0 $aUna chiesa, una cittā 500 $aA pič del front. : Istituto di Credito Fondiario delle Venezie. - Fondo Card. C.M. Martini. 650 4$aVerona - Chiese - Basilica di San Zeno.$0(OLS)http://semarc/subject/20624 700 1 $aLucas, Uliano,$d<1942- >.$0(OLS)http://semarc/name/51771 830 4$aUna chiesa, una cittā.$0(OLS)http://semarc/title/15308 850 $aSeMil 852 $aSeMil$W1$xVenegono$y1$m5P X 6$j79153$B79153$CSeMilBibl$Z2$F82717 $8I 941 1 $a4 961 $aOmaggio: Martini Card. Carlo Maria 996 $6245$aLa partita col Diavolo$9(OLS)http://semarc/title/183376 996 $6260$aRoma :$bEdizioni Fotogramma$9(OLS)http://semarc/publisher/33194